000 00334nam a2200133Ia 4500
008 220204s9999 xx 000 0 und d
082 _a574.36
_bSAR.2
100 _aSARKANEN, K V
245 0 _aProgress in biomass conversion. V 2
260 _aNew York
_bAcademic
_c1980
650 _aBiomass
700 _aTILLMAN, D A
942 _cBK
999 _c36809
_d36809